| 000 | 00514nam a22001697a 4500 | ||
|---|---|---|---|
| 999 |
_c41457 _d41457 |
||
| 003 | OSt | ||
| 005 | 20220310120039.0 | ||
| 008 | 220310b ||||| |||| 00| 0 eng d | ||
| 020 | _a9788194759607 | ||
| 040 | _coclc | ||
| 082 |
_a954.8319 _bEDA/M |
||
| 100 |
_99017 _aEdathanattukara, Ashik |
||
| 245 |
_aMannarkadinte Innalekal/ _cAshik Edathanattukara |
||
| 260 |
_aMannarkkad: _bMES Kalladi College , _c2021. |
||
| 300 | _a228 pages | ||
| 942 |
_2ddc _cBK _h954.8319 _iEDA/M _k954.8319 _mEDA/M |
||